[Event "Alfoeld Cup op"]
[Site "Hajduszoboszlo"]
[Date "1999.??.??"]
[Round "5"]
[White "Forgacs, Jozsef"]
[Black "Levitzky, Tibor"]
[Result "1-0"]
[WhiteElo "2305"]
[BlackElo "2160"]

1.Nf3 d5 2.c4 d4 3.b4 f6 4.d3 e5 5.a3 a5 6.b5 Be6 7.Nbd2 Nd7 8.g3 Nh6 9.Bg2 Be7
10.Nb3 Nf7 11.Nbxd4 exd4 12.Nxd4 Nc5 13.Nxe6 Nxe6 14.Bxb7 O-O 15.O-O Nc5
16.Bxa8 Qxa8 17.a4 Ne6 18.Be3 Nfg5 19.f3 f5 20.Qb3 Kh8 21.d4 f4 22.gxf4 Nxf4
23.Bxf4 Nh3+ 24.Kh1 Nxf4 25.e4 Qc8 26.Qe3 Qh3 27.Qg1 Ne2 28.Qg4 Qxg4 29.fxg4 Nxd4
30.Rxf8+ Bxf8 31.Kg2 Kg8 32.Rf1 Ne6 33.e5 Nc5 34.Kf3 Be7 35.Ke3 Nxa4 36.Kd4 Nb6
37.c5 Nd7 38.Kd5 Nxc5 39.Kc6 a4 40.Kxc7 a3 41.b6 Na6+ 42.Kd7 Bc5 43.e6 Nb8+
44.Kc8 Nc6 45.b7 Bb6 46.b8=Q Nxb8 47.Kxb8 Bd8 48.Kc8 Bf6 49.Kd7  1-0

[Event "Figueira Foz Honra"]
[Site "Honra"]
[Date "1999.??.??"]
[Round "9"]
[White "Correia, Mario Rui"]
[Black "Saraiva, Tania"]
[Result "1-0"]
[WhiteElo "2105"]
[BlackElo "2025"]

1.Nf3 d5 2.c4 c6 3.d4 Nf6 4.Nc3 e6 5.Bg5 Be7 6.e3 O-O 7.cxd5 cxd5 8.Bd3 Nc6
9.Rc1 Bd7 10.O-O h6 11.Bh4 Ne8 12.Bxe7 Qxe7 13.Re1 f5 14.Ne5 Nxe5 15.dxe5 g6
16.Ne2 g5 17.Nd4 g4 18.Kh1 Qg7 19.f4 gxf3 20.gxf3 Qxe5 21.f4 Qf6 22.Rg1+ Kh8
23.Qh5 Ng7 24.Qg6 Qxg6 25.Rxg6 Kh7 26.Rcg1 Rg8 27.Rf6 Raf8 28.Rxf8 Rxf8 29.Rc1 Rc8
30.Rxc8 Bxc8 31.Nb5 b6 32.Nxa7 Bb7 33.Kg1 Kg6 34.Nb5 Ne8 35.Nd4 Kf6 36.Nf3 Ke7
37.Ne5 Nf6 38.Kf2 Nd7 39.Nxd7 Kxd7 40.Kg3 Ke7 41.Kh4 Bc6 42.Kh5 Kf6 43.Kxh6 Be8
44.b3 Bd7 45.a4 Be8 46.Bc2 Bd7 47.b4 Be8 48.a5 bxa5 49.bxa5 Bb5 50.h4 Ba6
51.Ba4 Be2 52.Bc6 Ba6 53.h5 Bc8 54.Bb5 Bb7 55.a6 Bc8 56.Kh7 Kf7 57.h6  1-0

[Event "HUN-chT9899"]
[Site "HUN"]
[Date "1999.??.??"]
[Round "?"]
[White "Csarmasz, M."]
[Black "Horanyi, P."]
[Result "1/2-1/2"]
[WhiteElo "2015"]
[BlackElo "2005"]

1.Nf3 d5 2.c4 e6 3.b3 c6 4.g3 f5 5.Bb2 Nf6 6.d3 Bd6 7.Nbd2 Qe7 8.Qc2 e5 9.e4 d4
10.Bg2 c5 11.O-O fxe4 12.Nxe4 Nxe4 13.dxe4 O-O 14.Ne1 Nc6 15.Nd3 Be6 16.Rae1 Qd7
17.f4 g6 18.Bc1 Bh3 19.Bxh3 Qxh3 20.Qg2 Qxg2+ 21.Kxg2 Rae8 22.Bd2 b6 23.Re2 a5
24.a4 Kg7 25.Rf3  1/2-1/2

[Event "HUN-chT9899"]
[Site "HUN"]
[Date "1999.??.??"]
[Round "?"]
[White "Fancsy, Imre"]
[Black "Farkas, Gyula"]
[Result "1-0"]
[WhiteElo "2415"]
[BlackElo "2200"]

1.Nf3 d5 2.c4 c6 3.d4 Nf6 4.Qc2 e6 5.g3 Nbd7 6.Bg2 Bb4+ 7.Nbd2 Ne4 8.O-O Nxd2
9.Bxd2 Bxd2 10.Nxd2 O-O 11.e4 dxc4 12.Nxc4 Nb6 13.Rfd1 Nxc4 14.Qxc4 Qb6 15.Rd2 a5
16.a3 Re8 17.Rad1 h6 18.Qc3 a4 19.Bf1 Ra5 20.Qb4 Qxb4 21.axb4 Ra7 22.Ra1 Bd7
23.f3 Rea8 24.Ra3 Kf8 25.Kf2 Ke7 26.Rd1 Kd8 27.Rda1 b5 28.Rc1 Ra6 29.Ke3 R8a7
30.Be2 Ke7 31.Rc5 Kd6 32.h4 Ra8 33.f4 g6 34.Bf3 Ke7 35.Bh1 Kd8 36.d5 cxd5
37.exd5 Rc8 38.Kd4 Rd6 39.Rxc8+ Kxc8 40.Ke5 Rb6 41.Be4 exd5 42.Bxd5 f6+ 43.Kd4 g5
44.Kc5 Ra6 45.Re3 Kd8 46.Bb7  1-0

[Event "HUN-chT9899"]
[Site "HUN"]
[Date "1999.??.??"]
[Round "?"]
[White "Csarmasz, M."]
[Black "Nemeth, Mi"]
[Result "0-1"]
[WhiteElo "2015"]
[BlackElo "2045"]

1.Nf3 d5 2.c4 d4 3.g3 c5 4.Bg2 Nc6 5.d3 e5 6.b4 cxb4 7.a3 bxa3 8.O-O Nf6
9.Bxa3 Bxa3 10.Nxa3 O-O 11.c5 Qe7 12.Qc2 Be6 13.Nb5 a6 14.Nd6 Ne8 15.Nxb7 e4
16.dxe4 Qxb7 17.Rfb1 Qc7 18.Rb6 Rb8 19.Raxa6 Nb4 20.Rxb8 Qxb8 21.Rb6 Qxb6
22.cxb6 Nxc2  0-1

[Event "HUN-chT9899"]
[Site "HUN"]
[Date "1999.??.??"]
[Round "?"]
[White "Pinter, Jozsef"]
[Black "Fogarasi, Tibor"]
[Result "1-0"]
[WhiteElo "2595"]
[BlackElo "2425"]

1.Nf3 d5 2.c4 d4 3.g3 c5 4.Bg2 Nc6 5.O-O e5 6.e3 Nf6 7.Re1 Be7 8.exd4 exd4
9.d3 O-O 10.Bf4 h6 11.Ne5 Nxe5 12.Bxe5 Ng4 13.Bf4 Bd6 14.Bxd6 Qxd6 15.Nd2 Nf6
16.Qe2 Qb6 17.Ne4 Nxe4 18.Bxe4 Bd7 19.Qh5 Rae8 20.Re2 Bc6 21.Bxc6 Qxc6 22.Rae1 Rxe2
23.Qxe2 b5 24.cxb5 Qxb5 25.Qc2 Qa5 26.Ra1 Re8 27.a3 Re1+ 28.Rxe1 Qxe1+ 29.Kg2 Qe7
30.Qb3 Qd7 31.Kg1 g6 32.Qc4 Qd6 33.b4 cxb4 34.axb4 Kg7 35.Kg2 h5 36.h4 Kf6
37.Kf3 a6 38.Ke2 Ke7 39.Kd2 Qf6 40.Qc7+ Kf8 41.f4 Kg8 42.Kc2 Kh7 43.Qd7 Kg8
44.Kb3 Qb6 45.Kc4 a5 46.Qe8+  1-0

[Event "HUN-chT29899"]
[Site "HUN"]
[Date "1999.??.??"]
[Round "?"]
[White "Filep, Tibor"]
[Black "Berebora, Ferenc"]
[Result "1/2-1/2"]
[WhiteElo "2245"]
[BlackElo "2415"]

1.Nf3 d5 2.c4 dxc4 3.Qa4+ Nd7 4.Qxc4 e5 5.d3 Be7 6.g3 Ngf6 7.Bg2 O-O 8.O-O Ne8
9.Qc2 Nd6 10.Nc3 c6 11.b3 f5 12.Bb2 Bf6 13.Rad1  1/2-1/2

[Event "Balaton op"]
[Site "Hungary"]
[Date "1999.??.??"]
[Round "8"]
[White "Szirmai, Eduard"]
[Black "Horvath, Jeno Kalman"]
[Result "1/2-1/2"]
[WhiteElo "2205"]
[BlackElo "2165"]

1.Nf3 d5 2.c4 c6 3.b3 Bg4 4.Bb2 e6 5.e3 Nd7 6.Be2 Ngf6 7.O-O h6 8.Nc3 Be7
9.d3 O-O 10.Qc2 Rc8 11.Rad1 Qa5 12.a3 Qc7 13.Rc1 dxc4 14.bxc4 Nc5 15.Na4 Nfd7
16.Nxc5 Nxc5 17.h3 Bf5 18.e4 Bh7 19.Nd2 e5 20.Rfe1 Rcd8 21.Nf1 Ne6 22.Bg4 Nf4
23.Rcd1 h5 24.Be2 Bg6 25.Ng3 Bc5 26.Nf5 Ne6 27.Bf3 f6 28.g3 Ng5 29.Bg2 Ne6
30.h4 Nd4  1/2-1/2

[Event "RLP-chA"]
[Site "Kettig"]
[Date "1999.??.??"]
[Round "5"]
[White "Bruch, Jochen"]
[Black "Kargoll, Peter"]
[Result "1/2-1/2"]
[WhiteElo "2320"]
[BlackElo "2291"]

1.Nf3 d5 2.c4 e6 3.g3 Nf6 4.d3 Be7 5.Bg2 O-O 6.Nbd2 c5 7.O-O Nc6 8.b3 Re8
9.Bb2 d4 10.a3 a5 11.Qc2 e5 12.Rae1 Bg4 13.h3 Bh5 14.e3 Qd7 15.e4 Bxf3 16.Nxf3 Bf8
17.Bc1 a4 18.Nh2 axb3 19.Qxb3 Ra6 20.f4 Na5 21.Qb1 Nh5 22.Rf3 exf4 23.gxf4 f5
24.e5 g5 25.fxg5 Bg7 26.Rf2 Bxe5 27.Rfe2 Bxh2+ 28.Kxh2 Rxe2 29.Rxe2 Qd6+
30.Kg1 Rb6 31.Rb2 Rxb2 32.Qxb2 Qe5 33.Bd2 Nf4 34.Bxa5 Qe3+ 35.Kh2 Ne2 36.Qb1 Qf4+
37.Kh1 Ng3+  1/2-1/2

[Event "Kiev-ch"]
[Site "Kiev"]
[Date "1999.??.??"]
[Round "4"]
[White "Panchenko, Alexandar G"]
[Black "Zigura, Oleg"]
[Result "1/2-1/2"]
[WhiteElo "2427"]
[BlackElo "2430"]

1.Nf3 d5 2.c4 e6 3.e3 Nf6 4.Nc3 Be7 5.b3 O-O 6.Bb2 b6 7.Be2 Bb7 8.O-O c5
9.d4 cxd4 10.Nxd4 dxc4 11.Bf3 Qc8 12.Rc1 Nbd7 13.Nb1 Ne5 14.Bxb7 Qxb7 15.Nxe6 fxe6
16.Bxe5 cxb3 17.Qxb3 Qd5 18.Qxd5 Nxd5 19.Nd2 Rac8 20.Ne4 Ba3 21.Rcd1 Rc2
22.Ng5 Rf5 23.Nf3 Nc3 24.Rd7 Rf7 25.Rd8+ Rf8 26.Rd7 Rf7  1/2-1/2

[Event "Kiev-ch"]
[Site "Kiev"]
[Date "1999.??.??"]
[Round "9"]
[White "Chokhonelidze, Giorgi"]
[Black "Mezheritsky, Yuri"]
[Result "1-0"]
[WhiteElo "2305"]
[BlackElo "2140"]

1.Nf3 d5 2.c4 c6 3.b3 dxc4 4.bxc4 Bf5 5.g3 e6 6.Bb2 Nf6 7.Bg2 Nbd7 8.O-O Be7
9.d3 O-O 10.Nbd2 a6 11.e4 Bg6 12.e5 Ng4 13.h3 Nh6 14.d4 Qc7 15.Qe2 Rfd8 16.Bc3 b5
17.Nh4 Bxh4 18.gxh4 Rac8 19.h5 Bc2 20.Rfc1 Ba4 21.c5 Nf8 22.Ne4 b4 23.Bb2 Bb5
24.Qe1 a5 25.Nd6 Rb8 26.Ne4 Qe7 27.f4 f5 28.Bf3 g5 29.Ng3  1-0

[Event "La Coruna op 10th"]
[Site "La Coruna"]
[Date "1999.??.??"]
[Round "6"]
[White "Cruz, Dan"]
[Black "Piankov, Evgenij"]
[Result "0-1"]
[WhiteElo "2125"]
[BlackElo "2370"]

1.Nf3 d5 2.c4 e6 3.d4 c6 4.e3 Bd6 5.Nc3 f5 6.Ne5 Nf6 7.f4 O-O 8.Bd3 Ne4 9.O-O b6
10.Bd2 Bb7 11.Be1 Nd7 12.g4 Bxe5 13.fxe5 Qg5 14.Rf4 c5 15.Bxe4 fxe4 16.cxd5 cxd4
17.Rxf8+ Rxf8 18.exd4 Rf3 19.Bg3 Bxd5 20.Nxd5 exd5 21.Qc1 Qxg4 22.Qc6 h5
23.Qxd5+ Kh7 24.Re1 e3 25.Kg2 Rf2+ 26.Kh1 Rd2 27.Rxe3 Rxd4 28.Qc6 Nc5 29.e6 Rd1+
30.Be1 Qf4  0-1

[Event "La Coruna op 10th"]
[Site "La Coruna"]
[Date "1999.??.??"]
[Round "9"]
[White "Cruz, Dan"]
[Black "Blasco, Miguel"]
[Result "1-0"]
[WhiteElo "2125"]
[BlackElo "2220"]

1.Nf3 d5 2.c4 e6 3.d4 c5 4.cxd5 exd5 5.Nc3 Nc6 6.g3 Nf6 7.Bg2 Be7 8.O-O Be6
9.Qa4 O-O 10.Rd1 c4 11.Ne5 Qb6 12.Nxc6 bxc6 13.b3 Bb4 14.Bd2 Bxc3 15.Bxc3 Qb5
16.Qxb5 cxb5 17.bxc4 bxc4 18.f3 Bf5 19.g4 Bg6 20.g5 Nh5 21.Bd2 Rfe8 22.Re1 Rad8
23.Kf2 f6 24.h4 fxg5 25.hxg5 Rf8 26.e3 h6 27.gxh6 gxh6 28.Rh1 Nf6 29.Kg3 h5
30.Rae1 Rf7 31.Bc3 Re8 32.Rh4 Rg7 33.Kf2 Rf7 34.Rf4 Re6 35.Re2 Ra6 36.Rb2 Ra3
37.Bb4 Ra4 38.Ke2 Rb7 39.Rxf6 Bd3+ 40.Kd2 Raxb4 41.Rxb4 Rxb4 42.Kc3 Ra4 43.Bh3 Kg7
44.Rd6 Rxa2 45.Rxd5 a5 46.Rd7+ Kf8 47.d5 Rc2+ 48.Kd4 Rd2 49.Ke5 c3 50.Kf6 Kg8
51.e4 Kh8 52.Rd8+  1-0

[Event "Mancha Real-A 2nd"]
[Site "Mancha Real"]
[Date "1999.??.??"]
[Round "1"]
[White "Matamoros Franco, Carlos S"]
[Black "Teran Alvarez, Ismael"]
[Result "1/2-1/2"]
[WhiteElo "2460"]
[BlackElo "2415"]

1.Nf3 d5 2.c4 e6 3.g3 c6 4.b3 Nf6 5.Bg2 Be7 6.O-O O-O 7.Bb2 b6 8.d4 Bb7 9.Nc3 Nbd7
10.Qc2 Rc8 11.e4 dxe4 12.Nxe4 Nxe4 13.Qxe4 Nf6 14.Qe2 c5 15.Rad1  1/2-1/2

[Event "Mancha Real-A 2nd"]
[Site "Mancha Real"]
[Date "1999.??.??"]
[Round "4"]
[White "Matamoros Franco, Carlos S"]
[Black "Glavina Rossi, Pablo"]
[Result "1/2-1/2"]
[WhiteElo "2460"]
[BlackElo "2425"]

1.Nf3 d5 2.c4 c6 3.cxd5 cxd5 4.d4 Nf6 5.Nc3 Nc6 6.Bf4 Bf5 7.e3 e6 8.Qb3 Qb6
9.Bb5 Nd7 10.O-O a6 11.Bxc6 bxc6 12.Rfc1 f6 13.Qxb6 Nxb6 14.Bc7 Nc4 15.Na4 Rc8
16.Bg3 c5 17.dxc5 e5 18.b3 Na3 19.Ne1 h5 20.f4 Bd7 21.Nb6 Rxc5 22.fxe5 h4
23.Bf2 fxe5 24.Rxc5 Bxc5 25.Nxd5 e4 26.Rc1 Bd6 27.Nc2  1/2-1/2

[Event "Fide Mercenarios 39th"]
[Site "Mexico"]
[Date "1999.??.??"]
[Round "4"]
[White "Capistran, Javier"]
[Black "De Winter, Willy"]
[Result "1/2-1/2"]
[WhiteElo "2195"]
[BlackElo "2140"]

1.Nf3 d5 2.c4 c6 3.d4 e6 4.Nc3 Nf6 5.Bg5 h6 6.Bxf6 Qxf6 7.e3 Nd7 8.a3 g6
9.e4 dxe4 10.Nxe4 Qd8 11.Be2 f5 12.Nc3 Bg7 13.Qb3 O-O 14.O-O-O Qf6 15.Kb1 Re8
16.h4 b6 17.Ne5 Nxe5 18.dxe5 Qxe5 19.Bf3 Qc7 20.Nb5 cxb5 21.Qxb5 Ba6 22.Qxa6 Rad8
23.Qb5 Rxd1+ 24.Rxd1 Rd8 25.h5 gxh5 26.Rxd8+ Qxd8 27.Bxh5 Qf6 28.a4 Kh7 29.Ka2 Qd4
30.f3 Qd2 31.g4 Qc2 32.a5 bxa5 33.Bf7 Bxb2 34.Qxb2 Qxc4+ 35.Qb3 Qxb3+ 36.Kxb3 fxg4
37.fxg4 Kg7  1/2-1/2

[Event "Pardubice op2"]
[Site "Pardubice"]
[Date "1999.??.??"]
[Round "?"]
[White "Kutynec, Vladimir"]
[Black "Starostits, Andris"]
[Result "1-0"]
[WhiteElo "2357"]
[BlackElo "2224"]

1.Nf3 d5 2.c4 c6 3.d4 Nf6 4.Qc2 g6 5.Bf4 Bg7 6.e3 O-O 7.Nc3 Na6 8.Be2 dxc4
9.Bxc4 Nd5 10.Nxd5 cxd5 11.Bb3 Qa5+ 12.Qd2 Qb4 13.Bd1 Bf5 14.Be2 Qb6 15.O-O Rfc8
16.Rfc1 Nc7 17.a4 a5 18.Rc5 Ne6 19.Rb5 Qa7 20.Bg3 Nc7 21.Rc5 b6 22.Rc3 Na6
23.Rac1 Rxc3 24.Rxc3 Bd7 25.Bb5 e6 26.Ne5 Bxb5 27.axb5 Nb4 28.Nc6 Qd7 29.Nb8 Qe8
30.Qc1 Bf8 31.Rc8 Qe7 32.Nc6 Qb7 33.Rc7  1-0

[Event "Recklinghausen op"]
[Site "Recklinghausen"]
[Date "1999.??.??"]
[Round "2"]
[White "Gausel, Einar"]
[Black "Thomas, Ingo"]
[Result "1-0"]
[WhiteElo "2500"]
[BlackElo "2145"]

1.Nf3 d5 2.c4 e6 3.d4 c5 4.cxd5 exd5 5.g3 Nc6 6.Bg2 Nf6 7.O-O Be7 8.Nc3 O-O
9.b3 Ne4 10.Bb2 Bf6 11.Nxe4 dxe4 12.Nd2 cxd4 13.Nxe4 Be7 14.Rc1 Qb6 15.Nd2 Rd8
16.a3 Qb5 17.Nc4 Qh5 18.e4 Bg4 19.f3 Bh3 20.f4 Bg4 21.Bf3 Bxf3 22.Qxf3 Qxf3
23.Rxf3 d3 24.Kf1 Rac8 25.Nd2 Rd7 26.Rd1 Rcd8 27.e5 f5 28.Nc4 b5 29.e6 Rc7
30.Ne5 Nxe5 31.Bxe5 Rc6 32.Rfxd3 Rxd3 33.Rxd3 Rxe6 34.Rd7 a6 35.Ra7 Kf7 36.Ke2 g6
37.Kd3 Rc6 38.b4 h5 39.h4 Ke6 40.Ra8 Bd6 41.Bd4 Be7 42.Bc5 Bd6 43.Kd4 Bc7
44.Re8+ Kd7 45.Re7+ Kc8 46.Kd5 Rf6 47.Re6  1-0

[Event "Recklinghausen op"]
[Site "Recklinghausen"]
[Date "1999.??.??"]
[Round "9"]
[White "Bagirov, Vladimir"]
[Black "Bakhmatov, Eduard"]
[Result "1/2-1/2"]
[WhiteElo "2470"]
[BlackElo "2260"]

1.Nf3 d5 2.c4 c6 3.d4 Nf6 4.Nc3 g6 5.cxd5 cxd5 6.Qb3 Nc6 7.Bf4 Bg7 8.e3 O-O
9.h3 Na5 10.Qa3 Bf5 11.Nd2 Nc6 12.Be2 Re8 13.O-O e5 14.dxe5 d4 15.Nb5  1/2-1/2

[Event "Pan American-ch (Women)"]
[Site "San Felipe"]
[Date "1999.??.??"]
[Round "4"]
[White "Hernandez, Tania"]
[Black "Delgado Crespo, Mairelys"]
[Result "1/2-1/2"]
[WhiteElo "2211"]
[BlackElo "2298"]

1.Nf3 d5 2.c4 e6 3.g3 g6 4.Bg2 Bg7 5.O-O Ne7 6.d4 O-O 7.Qc2 Nbc6 8.Rd1 a5
9.a3 Nf5 10.e3 Qd7 11.Nc3 Rd8 12.Ne5 Nxe5 13.dxe5 Bxe5 14.cxd5 Re8 15.dxe6 Qxe6
16.Ne4 Qe7 17.Bd2 Nd6 18.Nc5 Rb8 19.Rac1 b6 20.Nd3 Bf5 21.Bc3 Bxc3 22.Qxc3 Rbc8
23.Nf4 Be4 24.Bxe4 Nxe4 25.Qc6 Nf6 26.Rd4 Red8 27.Qb7 Kg7 28.Rdc4 Ne8 29.Nd5 Qe5
30.Rd4 Rb8 31.Qc6 Rd6 32.Qc3 c5 33.Rd2 Qxc3 34.Rxc3 Nf6 35.Rcd3 Nxd5 36.Rxd5 Rxd5
37.Rxd5 Kf6 38.f4 Ke6 39.e4 Rb7 40.Kf2 Rc7 41.Ke3 b5 42.g4 f6 43.h4 b4 44.Kd3 c4+
45.Kc2 c3 46.axb4 axb4 47.bxc3 Rxc3+ 48.Kd2 Rg3 49.f5+ Ke7 50.fxg6 hxg6 51.g5 Rg4
52.gxf6+ Kxf6 53.h5 gxh5 54.Rxh5 Rxe4 55.Kc2  1/2-1/2

[Event "Santiago op"]
[Site "Santiago"]
[Date "1999.??.??"]
[Round "5"]
[White "Szmetan, Jorge"]
[Black "Bombardiere Rosas, Eduardo"]
[Result "1-0"]
[WhiteElo "2403"]
[BlackElo "2345"]

1.Nf3 d5 2.c4 c6 3.d4 Nf6 4.Nc3 Bf5 5.cxd5 Nxd5 6.g3 h6 7.Bg2 e6 8.Qb3 Qb6
9.e4 Qxb3 10.axb3 Nb4 11.O-O Bh7 12.d5 exd5 13.exd5 Be7 14.Re1 Kf8 15.Nd4 g5
16.dxc6 N8xc6 17.Nxc6 bxc6 18.Ra5 Nd3 19.Rd1 Bb4 20.Ra6 Nxc1 21.Rxc1 Kg7
22.Bxc6 Rac8 23.Nd5 Bd6 24.Rxa7 Be5 25.Nb6 Bxb2 26.Nxc8 Bxc1 27.Nd6 Bg6 28.Ne8+ Kh7
29.b4 Bb2 30.b5 Bd4 31.Ra4 Bc5 32.Nf6+ Kg7 33.Nd7 Bd6 34.Rd4 Bb8 35.b6 Bf5
36.Nxb8 Rxb8 37.b7 Kf6 38.Ra4  1-0

[Event "Santiago op"]
[Site "Santiago"]
[Date "1999.??.??"]
[Round "8"]
[White "Montero Martinez, Cristian"]
[Black "Carmona, Jose Luis"]
[Result "0-1"]
[WhiteElo "2240"]
[BlackElo "2188"]

1.Nf3 d5 2.c4 e6 3.e3 Nf6 4.Be2 Be7 5.O-O O-O 6.b3 b6 7.Bb2 Bb7 8.d4 c5 9.cxd5 Nxd5
10.Nbd2 Nd7 11.Rc1 Re8 12.Nc4 Rc8 13.Rc2 Rf8 14.Rd2 N7f6 15.Qb1 Qc7 16.Rc1 Qb8
17.dxc5 Bxc5 18.Be5 Qa8 19.Nd6 Bxd6 20.Rxc8 Rxc8 21.Bxd6 Nc3 22.Qe1 Nfe4
23.Rd4 Nxe2+ 24.Qxe2 Rc1+ 25.Ne1 Ba6  0-1

[Event "Paulisto-ch"]
[Site "Sao Caetano"]
[Date "1999.??.??"]
[Round "3"]
[White "Vescovi, Giovanni"]
[Black "Gerbelli, Eduardo"]
[Result "1/2-1/2"]
[WhiteElo "2522"]
[BlackElo "2256"]

1.Nf3 d5 2.c4 c6 3.d4 Nf6 4.Nc3 e6 5.Bg5 dxc4 6.e4 b5 7.e5 h6 8.Bh4 g5 9.exf6 gxh4
10.Ne5 Qxf6 11.a4 h3 12.g3 c5 13.Bxh3 cxd4 14.Qxd4 Nd7 15.Nc6 Qxd4 16.Nxd4 Bb7
17.O-O b4 18.Ncb5 Bc5 19.Rfe1  1/2-1/2

[Event "Liechtenstein op"]
[Site "Schaan"]
[Date "1999.??.??"]
[Round "6"]
[White "Prang, Edgar"]
[Black "Hicker, Harald"]
[Result "1/2-1/2"]
[WhiteElo "2260"]
[BlackElo "2135"]

1.Nf3 d5 2.c4 c6 3.g3 Bf5 4.cxd5 cxd5 5.Qb3 Qc8 6.Nc3 e6 7.d3 Nf6 8.Bf4 Nc6
9.Rc1 Bb4 10.Bg2 O-O 11.O-O Qd7 12.Nb5 Rfc8 13.Ne5 Qe7 14.Nxc6 bxc6 15.Nd4 Bc5
16.Nxf5 exf5 17.Rc2 Bd6 18.Qa4 Bxf4 19.Qxf4 g6 20.Rfc1 Qe6 21.Bf3 Nd7 22.d4 Rab8
23.Qd2 Rb5 24.a4 Rb7 25.Qa5 Nf6 26.b4 Ne4 27.b5 Rbc7 28.bxc6 Rxc6 29.Rxc6 Rxc6
30.Rxc6 Qxc6 31.Qxa7 Qc1+ 32.Kg2 Nd2 33.Qb8+ Kg7 34.Qe5+ Kg8 35.Kh3 Nxf3
36.exf3 Qf1+ 37.Kh4 h6 38.f4 Qxf2 39.Kh3 Qf1+ 40.Kh4 Qf3 41.Kh3  1/2-1/2

[Event "Staufer-Open 11th"]
[Site "Schwaebisch Gmuend"]
[Date "1999.??.??"]
[Round "3"]
[White "Hillgaertner, Walter"]
[Black "Glodeanu, Ion"]
[Result "0-1"]
[WhiteElo "2130"]
[BlackElo "2355"]

1.Nf3 d5 2.c4 e6 3.g3 Nf6 4.b3 Be7 5.Bb2 O-O 6.Bg2 c5 7.O-O Nc6 8.d3 Re8
9.Nbd2 Bf8 10.a3 e5 11.cxd5 Nxd5 12.Rc1 Nd4 13.Ne4 Nxf3+ 14.Bxf3 b6 15.Qc2 Bb7
16.Bg2 Qd7 17.Nc3 Rad8 18.Nxd5 Bxd5 19.Bxd5 Qxd5 20.Qc4 e4 21.Qxd5 Rxd5 22.dxe4 Rd2
23.Rb1 Rxe2 24.e5 Rd8 25.a4 Rdd2 26.Bc1 Rd5 27.Bf4 Re4 28.Rfe1 Rb4 29.Rb2 Rd3
30.Reb1 c4 31.bxc4 Rxa4 32.Rc2 Bc5 33.Re1 Rd4 34.Rec1 h6 35.Be3 Re4 36.Bxc5 bxc5
37.f4 g5 38.fxg5 hxg5 39.e6 fxe6 40.Kg2 g4 41.h3 a5 42.hxg4 Rxg4 43.Re2 Raxc4
44.Rce1 Rc3 45.Rxe6 Rgxg3+ 46.Kh2 Rg7 47.Ra6 Rc4 48.Kh3 a4 49.Re8+ Kh7 50.Rea8 Rb7  0-1

[Event "Schwarzach op-B"]
[Site "Schwarzach"]
[Date "1999.??.??"]
[Round "2"]
[White "Ebner, Josef"]
[Black "Noell, Thomas"]
[Result "1/2-1/2"]
[WhiteElo "1760"]
[BlackElo "1890"]

1.Nf3 d5 2.c4 e6 3.b3 Nf6 4.Bb2 Be7 5.g3 b6 6.Bg2 Bb7 7.O-O O-O 8.e3 Nbd7
9.d3 c5 10.Nbd2 Qc7 11.Qe2 Rad8 12.Rfd1 Bd6 13.Rac1 Qb8 14.a3 Rfe8 15.d4 e5
16.dxe5 Nxe5 17.Nxe5 Bxe5 18.Bxe5 Qxe5 19.cxd5 Bxd5 20.Nc4 Qe6 21.Bxd5 Nxd5
22.Nd2 Qe7 23.Qf3 f5 24.Rc4 g6 25.e4 b5 26.exd5 bxc4 27.bxc4 Qe2 28.Qxe2 Rxe2
29.Nb3 Rc2 30.Na5 Rd7 31.Rd3 Kf8 32.Rb3 Ke8 33.Rb5 Rc7 34.Rb3 Kd7 35.Re3 Rc1+
36.Kg2 Ra1 37.Rd3 Kd6 38.Re3 Kd7 39.Rb3 Ra2 40.Nb7 Rc2 41.Na5  1/2-1/2

[Event "Schwarzach op-B"]
[Site "Schwarzach"]
[Date "1999.??.??"]
[Round "4"]
[White "Fuchs, Egon"]
[Black "Noell, Thomas"]
[Result "1/2-1/2"]
[WhiteElo "1665"]
[BlackElo "1890"]

1.Nf3 d5 2.c4 e6 3.g3 Nf6 4.Bg2 Be7 5.O-O O-O 6.b3 c5 7.d3 Nc6 8.Bf4 Nh5
9.Nbd2 Nxf4 10.gxf4 Qc7 11.e3 d4 12.Ne4 e5 13.Nxe5 Nxe5 14.fxe5 Qxe5 15.f4 Qe6
16.exd4 cxd4 17.Kh1 Qg6 18.Qf3 Bg4 19.Qf2 f5 20.Nd2 Rae8 21.Rae1 Qb6 22.Nf3 Bxf3
23.Bxf3 Bf6 24.Rxe8 Rxe8 25.Re1 Re3 26.Bd5+ Kf8 27.Rxe3 dxe3 28.Qe2 g6 29.Kg2 Qd4
30.Kf3 Qa1 31.Kxe3 Bd4+ 32.Kf3 Qg1 33.h3 g5 34.fxg5 Qxg5 35.Qe6 Qh5+ 36.Kf4 Qh4+
37.Kxf5 Qxh3+ 38.Ke4 Qe3+ 39.Kf5 Qxd3+ 40.Qe4 Qh3+ 41.Qg4 Qxg4+ 42.Kxg4 b6
43.Kh5 Be3 44.b4 Kg7 45.c5 bxc5 46.bxc5 Bxc5  1/2-1/2

[Event "Sportland-NRW-Cup"]
[Site "Senden"]
[Date "1999.??.??"]
[Round "2"]
[White "Gutman, Lev"]
[Black "Schroeder, Wilfried"]
[Result "1-0"]
[WhiteElo "2470"]
[BlackElo "2230"]

1.Nf3 d5 2.c4 e6 3.g3 Nf6 4.Bg2 Be7 5.O-O O-O 6.d4 c6 7.Qa4 b6 8.Bf4 Bb7
9.Bxb8 Qxb8 10.Ne5 Qd6 11.Nc3 Rfc8 12.Rfd1 Qb4 13.Qc2 dxc4 14.e4 Rc7 15.a3 Qd6
16.Nxf7 Kxf7 17.e5 Qd8 18.exf6 Bxf6 19.Qxh7 Qh8 20.Qc2 Rd7 21.Ne4 Qh6 22.Rd2 Rh8
23.h3 Rhd8 24.Rad1 Bxd4 25.h4 c5 26.Ng5+ Kg8 27.Bxb7 Rxb7 28.Qxc4 Re7 29.Re1 Rde8
30.Rde2 Qf6 31.Kg2 Qf5 32.f3 Bf6 33.Rxe6 Rxe6 34.Nxe6 Kh8 35.Nxg7  1-0

[Event "Sportland-NRW-Cup"]
[Site "Senden"]
[Date "1999.??.??"]
[Round "4"]
[White "Moehring, Guenther"]
[Black "Fridman, Daniel"]
[Result "0-1"]
[WhiteElo "2295"]
[BlackElo "2525"]

1.Nf3 d5 2.c4 d4 3.e3 Nc6 4.Qa4 Bd7 5.Qb3 e5 6.exd4 exd4 7.Be2 Nf6 8.d3 h6
9.O-O Bd6 10.Na3 O-O 11.Nb5 Bc5 12.Bf4 Rc8 13.h3 Re8 14.Rfe1 Be6 15.Bf1 Nd7
16.Bg3 a6 17.Na3 b5 18.Rxe6 Rxe6 19.cxb5 axb5 20.Nxb5 Bb6 21.Rc1 Nf6 22.a4 Nd5
23.Qc4 Rg6 24.Nh4 Na5 25.Qa2 Rxg3 26.fxg3 c6 27.Nf5 Qg5 28.Qxd5 Qxc1 29.Qe5 f6
30.Qe6+ Kh7 31.Qxc8 Qg5 32.Nbd6 Nb3 33.Qxc6 Bc5 34.g4 Qc1  0-1

[Event "Sportland-NRW-Cup"]
[Site "Senden"]
[Date "1999.??.??"]
[Round "6"]
[White "Moehring, Guenther"]
[Black "Jacob, Gunnar"]
[Result "1/2-1/2"]
[WhiteElo "2295"]
[BlackElo "2185"]

1.Nf3 d5 2.c4 e6 3.b3 Be7 4.Bb2 Bf6 5.Nc3 Ne7 6.g3 b6 7.Bg2 Bb7 8.O-O d4
9.Nb5 a6 10.Na3 c5 11.d3 Nbc6 12.Nc2 Nf5 13.Rb1 O-O 14.a3 a5 15.Bc1 Be7 16.Bd2 Qc7
17.Rb2 Ra7 18.Qb1 Ne5 19.Nce1 Nxf3+ 20.Nxf3 Rfa8 21.Qc2 Bc6 22.Rfb1 Bd6 23.Ng5 Bxg2
24.Kxg2 Qc6+ 25.Kg1 Bc7 26.Qc1 e5 27.Qf1 h6 28.Ne4 Ne7 29.g4 Ng6 30.Qg2 Rf8
31.Ng3 Qe6 32.Qe4 Nf4 33.f3 Qf6 34.Bxf4 exf4 35.Nf5 Be5 36.h4 Qe6 37.Kg2 g6  1/2-1/2

[Event "Sportland-NRW-Cup"]
[Site "Senden"]
[Date "1999.??.??"]
[Round "8"]
[White "Moehring, Guenther"]
[Black "Bruemmer, Frank"]
[Result "0-1"]
[WhiteElo "2295"]
[BlackElo "2165"]

1.Nf3 d5 2.c4 c6 3.d4 Nf6 4.e3 Bf5 5.Nc3 e6 6.Qb3 Qc7 7.Nh4 Be4 8.f3 Bg6
9.e4 dxe4 10.Nxg6 hxg6 11.fxe4 Nbd7 12.g3 Ng4 13.Be2 Rxh2 14.Bf4 Rxh1+ 15.Kd2 Bd6
16.Rxh1 Bxf4+ 17.Kc2 Ne3+ 18.Kb1 Bh6 19.e5 Nf5 20.Ne4 Nxd4 21.Qa3 O-O-O 22.Rd1 Qxe5
23.Bd3 Nf6 24.Nc5 Qb8 25.Qb4 Qc7 26.Qa3 Kb8 27.Rf1 Be3 28.Bxg6 fxg6 29.Qxe3 Nf5
30.Qb3 Qb6 31.Qa3 Nd4 32.g4 a5 33.g5 Nd7 34.Qg3+ Qc7 35.Nxd7+ Rxd7 36.Rf8+ Ka7
37.Qe3 Qb6 38.a3 Nf5 39.Qxe6 Rd2 40.Qe5 Nd4 41.b4 Ne6 42.Qb8+ Ka6 43.b5+ cxb5
44.Qa8+ Qa7 45.cxb5+ Kb6 46.Qe8 Rd6 47.Rf7 Kc5 48.Qc8+ Kd5 49.Rxb7 Qg1+ 50.Ka2 Qf2+
51.Kb1 Qe1+ 52.Ka2 Qd2+ 53.Kb1  0-1

[Event "Sevilla op"]
[Site "Sevilla"]
[Date "1999.??.??"]
[Round "2"]
[White "Strikovic, Aleksa"]
[Black "Vazquez Tey, JA."]
[Result "1-0"]
[WhiteElo "2550"]
[BlackElo "2130"]

1.Nf3 d5 2.c4 e6 3.b3 Nf6 4.g3 Be7 5.Bg2 O-O 6.O-O b6 7.Bb2 Bb7 8.cxd5 exd5
9.d4 c5 10.Nc3 Nc6 11.Rc1 Rc8 12.dxc5 bxc5 13.Na4 Nb8 14.Bxf6 Bxf6 15.Nxc5 Ba8
16.Qd2 Qe7 17.Na4 Nc6 18.e3 Rfd8 19.Rfd1 Qd6 20.Nc3 Ne7 21.Nd4 a6 22.Bh3 Rb8
23.Nce2 g6 24.Rc2 h5 25.Rdc1 Kg7 26.Nf4 Be5 27.Rc7 Qf6 28.Nxh5+ gxh5 29.Rxe7 Bd6
30.Ra7  1-0

[Event "Villa de Sitges 35th"]
[Site "Sitges"]
[Date "1999.??.??"]
[Round "8"]
[White "Larsen, Steen Skovlund"]
[Black "Bukal, Vladimir Jr"]
[Result "1/2-1/2"]
[WhiteElo "2310"]
[BlackElo "2390"]

1.Nf3 d5 2.c4 c6 3.g3 Nf6 4.Bg2 Bg4 5.O-O e6 6.d3 Bd6 7.Nc3 O-O 8.Qc2 Nbd7
9.b3 Re8 10.Rb1 a5 11.Bb2  1/2-1/2

[Event "St Lorrain Masters-B"]
[Site "St Lorrain"]
[Date "1999.??.??"]
[Round "?"]
[White "Lukov, Valentin"]
[Black "Guido, Flavio"]
[Result "0-1"]
[WhiteElo "2455"]
[BlackElo "2365"]

1.Nf3 d5 2.c4 e6 3.g3 Nf6 4.Bg2 c5 5.O-O Nc6 6.cxd5 Nxd5 7.Nc3 Be7 8.d4 O-O
9.Nxd5 exd5 10.dxc5 Bxc5 11.Qc2 Bb6 12.Rd1 Qf6 13.Bg5 Qe6 14.Bf4 h6 15.h4 Re8
16.e3 Rd8 17.Qc3 Ba5 18.Qb3 Qf6 19.Rac1 Bb6 20.Rxd5 Be6 21.Rxd8+ Rxd8 22.Qc3 Qxc3
23.Rxc3 Rd1+ 24.Kh2 Bxa2 25.Ne5 g5 26.hxg5 hxg5 27.Nxc6 gxf4 28.Ne7+ Kf8
29.Nc8 fxe3 30.fxe3 Rd2 31.Nxb6 axb6 32.b3 Rb2 33.Kg1 Bxb3 34.Bxb7 b5 35.e4 b4
36.Rc7 Rd2 37.Bd5 Bxd5 38.exd5 b3  0-1